000 00315nam a22001337a 4500
008 181016b xxu||||| |||| 00| 0 eng d
020 _a9780395671368
041 _aeng
080 _a510
100 _a30
101 _aMAT
245 _aAlgebra 1 Explorations And Applications
_cLittel.M
942 _2udc
_cBK
999 _c49931
_d49931